=LDR 00000nam 2200000 4500 =001 INLIS000000000052728 =005 20250415011056 =035 ##$$a 0010-0218000424 =007 ta =008 250415################g##########0#ind## =020 ##$$a 978-602-6912-47-3 =082 ##$$a 598.101 =084 ##$$a 598.101 JOH o =100 #$$a Johan Iskandar =245 1#$$a Ornitologi dan etnoornitologi /$c Prof. Dr. Johan Iskandar, M.Sc. =260 ##$$a Yogyakarta :$b Plantaxia,$c 2017 =300 ##$$a xiv, 326 hlm. : $b ilus ; $c 25x18 cm. =650 #4$$a Burung, filsafat =504 ##$$a Bibliografi : hlm. 311-316 =990 ##$$a 21709780 =990 ##$$a 21709779 =990 ##$$a 21709778 =990 ##$$a 21709777 =990 ##$$a 21709776 =990 ##$$a 21709778 =990 ##$$a 21709780 =990 ##$$a 21709779 =990 ##$$a 21709777 =990 ##$$a 21709776